[Event "European Blitz-ch 2018"]
[Site "Skopje"]
[Date "2018.12.07"]
[Round "19"]
[White "Pancevski, Filip"]
[Black "Timerkhanov, Alexander"]
[Result "1/2-1/2"]
[WhiteElo "2495"]
[BlackElo "2366"]
[Annotator "TA"]
[PlyCount "135"]
[EventDate "2018.12.06"]
[EventType "swiss"]
[EventCountry "MKD"]

1. g3 d5 2. Bg2 c6 3. d3 Bg4 4. h3 Bh5 5. f4 e6 6. Nf3 Nd7 7. O-O Bd6 8. Qe1 Ne7 9. b3 O-O 10. Bb2 f6 11. Nbd2 a5 12. a3 Qc7 13. e4 Bf7 14. Qe2 Rae8 15. e5 Bc5+ 16. Kh2 fxe5 17. Nxe5 Nxe5 18. Bxe5 Bd6 19. Nf3 Ng6 20. Bxd6 Qxd6 21. d4 c5 22. c3 Rc8 23. Qd2 Ne7 24. Rfe1 Nc6 25. h4 Bh5 26. Ng5 Bg4 27. Bh3 Bxh3 28. Kxh3 Rf6 29. Re3 h6 30. Nf3 Ne7 31. dxc5 Rxc5 32. b4 Rc4 33. Ne5 Rc8 34. Ng4 Rff8 35. Rae1 Qc7 36. Rxe6 Nf5 37. Qxd5 Kh7 38. R6e5 Qxc3 39. Rg1 Qc2 40. bxa5 Rc3 41. Qe4 Qxe4 42. Rxe4 Rxa3 43. Rb4 Rxa5 44. Rxb7 Ra3 45. Ne5 h5 46. Rd7 Kh6 47. Rd3 Rxd3 48. Nxd3 Ra8 49. Nc5 Ra3 50. Ne4 Re3 51. Ng5 Ra3 52. Kh2 Ra2+ 53. Rg2 Rxg2+ 54. Kxg2 g6 55. Kf3 Kg7 56. Ne4 Nd4+ 57. Kf2 Nf5 58. Nd2 Kf6 59. Nc4 Nd4 60. Ne3 Ke6 61. Ke1 Kf6 62. Kf2 Ke6 63. Nc4 Kf6 64. Ne5 Nf5 65. Kf3 Nd4+ 66. Ke4 Nf5 67. g4 Nxh4 68. Nxg6 1/2-1/2

[Event "European Blitz-ch 2018"]
[Site "Skopje"]
[Date "2018.12.07"]
[Round "19"]
[White "Sanal, Vahap"]
[Black "Navara, David"]
[Result "0-1"]
[WhiteElo "2490"]
[BlackElo "2736"]
[Annotator "TA"]
[PlyCount "80"]
[EventDate "2018.12.06"]
[EventType "swiss"]
[EventCountry "MKD"]

1. Nf3 Nf6 2. g3 d5 3. Bg2 c6 4. O-O Bg4 5. c4 e6 6. cxd5 cxd5 7. d3 Nc6 8. Qb3 Qd7 9. Be3 Bd6 10. Nc3 O-O 11. Na4 Na5 12. Qd1 Rac8 13. Bxa7 b5 14. Bb6 Nc6 15. Nc3 b4 16. Na4 Bxf3 17. Bxf3 Ne5 18. Bg2 Qb5 19. b3 Ned7 20. Be3 e5 21. Rc1 d4 22. Bd2 Rc3 23. Bxc3 bxc3 24. e3 Ba3 25. Rc2 Nb8 26. exd4 exd4 27. Re1 Na6 28. h3 Nb4 29. f4 Qxd3 30. Qxd3 Nxd3 31. Rd1 Nb4 32. Re2 c2 33. Rxc2 Nxc2 34. g4 Rd8 35. g5 Nh5 36. Be4 Ne3 37. Rd2 Nxf4 38. h4 Bb4 39. Rh2 d3 40. Rf2 Nh3+ 0-1

[Event "European Blitz-ch 2018"]
[Site "Skopje"]
[Date "2018.12.07"]
[Round "19"]
[White "Stefanova, Antoaneta"]
[Black "Banikas, Hristos"]
[Result "1/2-1/2"]
[WhiteElo "2486"]
[BlackElo "2601"]
[Annotator "TA"]
[PlyCount "118"]
[EventDate "2018.12.06"]
[EventType "swiss"]
[EventCountry "MKD"]

1. d4 Nf6 2. Nf3 e6 3. e3 b6 4. Bd3 Bb7 5. O-O c5 6. c4 Be7 7. Nc3 cxd4 8. exd4 d5 9. cxd5 Nxd5 10. Ne5 O-O 11. Qh5 f5 12. Bc4 Nc6 13. Nxd5 exd5 14. Nxc6 Bxc6 15. Bd3 g6 16. Qf3 Bf6 17. Be3 Qd7 18. Rac1 Bb5 19. Bxb5 Qxb5 20. Rc7 Rf7 21. Rxf7 Kxf7 22. Rc1 Re8 23. b3 Re7 24. h3 Rd7 25. Qf4 Re7 26. Rc8 Qd7 27. Qb8 Qb7 28. Rf8+ Ke6 29. Qd8 Qd7 30. Qb8 Qc7 31. Qa8 Qb7 32. Qd8 Qd7 33. Qb8 Qc7 34. Qa8 f4 35. Bd2 g5 36. h4 h6 37. Rg8 Kf5 38. Qf8 Rg7 39. Rxg7 Qxg7 40. Qc8+ Ke4 41. hxg5 hxg5 42. Bc3 Bxd4 43. Qe8+ Kd3 44. Bxd4 Kxd4 45. Qa4+ Kc3 46. b4 Qd4 47. Qxa7 Qxb4 48. Qg7+ Qd4 49. Qxg5 Qe4 50. Qf6+ d4 51. Qxb6 d3 52. Qb3+ Kd2 53. a4 Qd4 54. a5 Kc1 55. Qa3+ Kc2 56. Qa2+ Kc1 57. Qa3+ Kc2 58. Qa2+ Kc1 59. Qa3+ Kc2 1/2-1/2

[Event "European Blitz-ch 2018"]
[Site "Skopje"]
[Date "2018.12.07"]
[Round "19"]
[White "Dragnev, Valentin"]
[Black "Beerdsen, Thomas"]
[Result "1-0"]
[WhiteElo "2483"]
[BlackElo "2477"]
[Annotator "TA"]
[PlyCount "38"]
[EventDate "2018.12.06"]
[EventType "swiss"]
[EventCountry "MKD"]

1. d4 e6 2. c4 b6 3. e4 Bb7 4. Nc3 Bb4 5. f3 e5 6. a3 Bxc3+ 7. bxc3 Qe7 8. Bd3 Nc6 9. Ne2 h5 10. O-O h4 11. f4 d6 12. a4 O-O-O 13. Ba3 Qe8 14. h3 Nf6 15. fxe5 dxe5 16. d5 Na5 17. c5 Nxd5 18. exd5 Rxd5 19. Qc2 Nb3 1-0

[Event "European Blitz-ch 2018"]
[Site "Skopje"]
[Date "2018.12.07"]
[Round "19"]
[White "Belyakov, Bogdan"]
[Black "Van Foreest, Lucas"]
[Result "1-0"]
[WhiteElo "2459"]
[BlackElo "2500"]
[Annotator "TA"]
[PlyCount "97"]
[EventDate "2018.12.06"]
[EventType "swiss"]
[EventCountry "MKD"]

1. e4 e5 2. Nf3 Nc6 3. Nc3 Nf6 4. Be2 d5 5. exd5 Nxd5 6. O-O Be7 7. Bb5 Nxc3 8. dxc3 Qxd1 9. Rxd1 f6 10. Bxc6+ bxc6 11. Be3 Bg4 12. h3 Bh5 13. Rd2 a5 14. a4 Rd8 15. Rxd8+ Kxd8 16. Nd2 Bf7 17. Nb3 Bxb3 18. cxb3 Kc8 19. Kf1 Rd8 20. Ke2 Kb7 21. Rd1 Rd5 22. f3 f5 23. g4 Rxd1 24. Kxd1 g6 25. Ke2 e4 26. fxe4 fxe4 27. Bf4 Bc5 28. Be5 Bd6 29. Bd4 c5 30. Bf2 Bf4 31. Bxc5 Bc1 32. Bd4 Kc6 33. c4 Bg5 34. Be3 Bf6 35. Bd2 Kb6 36. Bc3 Bg5 37. b4 c5 38. b5 Bf4 39. h4 h5 40. gxh5 gxh5 41. Bf6 Bc1 42. Bd8+ Kb7 43. Bxa5 Bxb2 44. Ke3 Bd4+ 45. Kxe4 Bf6 46. Be1 Bd8 47. Kf5 Be7 48. Kg6 Kb6 49. Kxh5 1-0

[Event "European Blitz-ch 2018"]
[Site "Skopje"]
[Date "2018.12.07"]
[Round "19"]
[White "Kevlishvili, Robby"]
[Black "Perunovic, Milos"]
[Result "0-1"]
[WhiteElo "2451"]
[BlackElo "2597"]
[Annotator "TA"]
[PlyCount "46"]
[EventDate "2018.12.06"]
[EventType "swiss"]
[EventCountry "MKD"]

1. e4 c5 2. Nf3 e6 3. b3 a6 4. Bb2 Nc6 5. d4 cxd4 6. Nxd4 Qf6 7. c3 Bc5 8. Nf3 Nge7 9. Nbd2 d5 10. Be2 O-O 11. O-O Ng6 12. exd5 exd5 13. Bd3 Nf4 14. Bc2 Bf5 15. Qb1 Bxc2 16. Qxc2 Rfe8 17. Rfe1 h6 18. Nf1 Nh3+ 19. gxh3 Qxf3 20. Ng3 Ne5 21. Qe2 Qxe2 22. Rxe2 Nd3 23. Rae1 Nxe1 0-1

[Event "European Blitz-ch 2018"]
[Site "Skopje"]
[Date "2018.12.07"]
[Round "19"]
[White "Jirovsky, Milos"]
[Black "Moroni, Luca Jr"]
[Result "0-1"]
[WhiteElo "2448"]
[BlackElo "2564"]
[Annotator "TA"]
[PlyCount "122"]
[EventDate "2018.12.06"]
[EventType "swiss"]
[EventCountry "MKD"]

1. Nf3 d5 2. c4 e6 3. g3 Nf6 4. Bg2 dxc4 5. Qa4+ Bd7 6. Qxc4 c5 7. O-O Nc6 8. Qc2 Rc8 9. d3 Be7 10. Nc3 O-O 11. Bf4 Nd5 12. Bd2 Nd4 13. Qd1 Bc6 14. Nxd4 cxd4 15. Nxd5 Bxd5 16. Bxd5 Qxd5 17. Qa4 b5 18. Qxa7 Rc2 19. Qxe7 Rxd2 20. Rfe1 Rxb2 21. a4 b4 22. a5 b3 23. Qb4 Ra8 24. Rab1 Rxb1 25. Rxb1 h5 26. h4 Rxa5 27. Qxb3 Qf5 28. Qb6 Ra2 29. Re1 Qe5 30. Kf1 Qd5 31. Kg1 g6 32. Qc7 Kg7 33. Qf4 e5 34. Qg5 Qa5 35. Qc1 Qb4 36. Qb1 Rb2 37. Qc1 Qb7 38. Qd1 Qa8 39. Qc1 Qa2 40. Qd1 Rd2 41. Qa1 Qxa1 42. Rxa1 Rxe2 43. Ra3 Kf6 44. Kf1 Rb2 45. Ra6+ Kf5 46. Ra5 f6 47. Kg2 Rb3 48. Ra2 Rxd3 49. Re2 Ra3 50. Rd2 Ke4 51. Re2+ Kd5 52. Rb2 Ra6 53. Kf3 f5 54. Rb5+ Ke6 55. Rc5 Ra3+ 56. Ke2 Ra2+ 57. Kf3 e4+ 58. Kg2 e3 59. Rc6+ Ke5 60. Rxg6 Rxf2+ 61. Kg1 Ke4 0-1

[Event "European Blitz-ch 2018"]
[Site "Skopje"]
[Date "2018.12.07"]
[Round "19"]
[White "Blohberger, Felix"]
[Black "Zlatanovic, Boroljub"]
[Result "1/2-1/2"]
[WhiteElo "2447"]
[BlackElo "2376"]
[PlyCount "87"]
[EventDate "2018.12.06"]
[EventType "swiss"]
[EventCountry "MKD"]

1. d4 g6 2. e4 Bg7 3. Nf3 d6 4. Bd3 Nf6 5. c3 O-O 6. O-O Nbd7 7. a4 e5 8. a5 a6 9. Re1 Re8 10. Na3 Nh5 11. Nc4 Nf8 12. h3 exd4 13. cxd4 d5 14. exd5 Rxe1+ 15. Qxe1 Qxd5 16. Bg5 Ne6 17. Be3 Bd7 18. Nce5 Bb5 19. Bxb5 Qxb5 20. Qc3 c6 21. Rd1 Nhf4 22. Bxf4 Nxf4 23. Kh2 Rd8 24. g3 Ne2 25. Qe3 Re8 26. Rd2 Nxd4 27. Rxd4 Bxe5 28. Re4 f6 29. Nxe5 Rxe5 30. Rxe5 fxe5 31. Qc3 Kf7 32. Qf3+ Kg7 33. Qc3 h5 34. h4 Qd5 35. Qb4 Qf7 36. Kg1 Qd7 37. Qc5 Qd1+ 38. Kh2 Qd5 39. Qe7+ Qf7 40. Qxe5+ Kh7 41. Qc5 Qb3 42. Qe7+ Kg8 43. Qe8+ Kg7 44. Qe7+ 1/2-1/2

[Event "European Blitz-ch 2018"]
[Site "Skopje"]
[Date "2018.12.07"]
[Round "19"]
[White "Markoja, Boris"]
[Black "Djukic, Nikola"]
[Result "1-0"]
[WhiteElo "2430"]
[BlackElo "2574"]
[Annotator "TA"]
[PlyCount "97"]
[EventDate "2018.12.06"]
[EventType "swiss"]
[EventCountry "MKD"]

1. d4 Nf6 2. c4 g6 3. Nc3 Bg7 4. e4 d6 5. Be2 O-O 6. Be3 Nbd7 7. Nf3 e5 8. d5 Ng4 9. Bg5 f6 10. Bh4 Nh6 11. Nd2 Nf7 12. f3 Bh6 13. Bf2 f5 14. O-O Nf6 15. c5 Nh5 16. Nc4 Nf4 17. Kh1 Bd7 18. Na5 b6 19. cxb6 axb6 20. Nc6 Qg5 21. Rg1 Qh5 22. Bg3 fxe4 23. Nxe4 Ng5 24. Nxg5 Bxg5 25. Bb5 Be8 26. a4 Bf7 27. Bc4 Qh6 28. b4 Nh5 29. Bf2 Be3 30. Qe1 Bf4 31. g3 Bd2 32. Qe2 Bg5 33. a5 bxa5 34. bxa5 Nf6 35. Rgd1 Qh5 36. a6 Rfe8 37. a7 e4 38. fxe4 Nxe4 39. Qxh5 Nxf2+ 40. Kg2 gxh5 41. Kxf2 Rf8 42. Kg2 Bg6 43. Bd3 Bf7 44. Be4 Rfe8 45. Bf3 Re3 46. Rab1 Ree8 47. Rb8 Be3 48. Re1 Bb6 49. Rexe8+ 1-0

[Event "European Blitz-ch 2018"]
[Site "Skopje"]
[Date "2018.12.07"]
[Round "19"]
[White "Stojanovski, Dejan"]
[Black "Demchenko, Anton"]
[Result "0-1"]
[WhiteElo "2430"]
[BlackElo "2679"]
[Annotator "TA"]
[PlyCount "38"]
[EventDate "2018.12.06"]
[EventType "swiss"]
[EventCountry "MKD"]

1. d4 Nf6 2. Nf3 g6 3. Nbd2 Bg7 4. e4 d6 5. Bc4 O-O 6. O-O Nc6 7. c3 e5 8. dxe5 dxe5 9. Qe2 Qe7 10. b4 Nh5 11. a4 Nf4 12. Qe1 Rd8 13. Nb3 Bg4 14. Qe3 Qf6 15. b5 Bh6 16. Qc5 Bxf3 17. Bxf4 Bxf4 18. gxf3 Qg5+ 19. Kh1 Qh5 0-1

[Event "European Blitz-ch 2018"]
[Site "Skopje"]
[Date "2018.12.07"]
[Round "19"]
[White "Tejedor Fuente, Enrique"]
[Black "Georgiev, Kiril"]
[Result "0-1"]
[WhiteElo "2428"]
[BlackElo "2595"]
[Annotator "TA"]
[PlyCount "252"]
[EventDate "2018.12.06"]
[EventType "swiss"]
[EventCountry "MKD"]

1. e4 e5 2. Nf3 Nc6 3. Bc4 Nf6 4. d3 h6 5. O-O d6 6. a3 g6 7. Be3 Bg7 8. Qc1 Qe7 9. Nc3 Be6 10. Nd5 Qd8 11. Ba2 Bxd5 12. exd5 Ne7 13. c4 Nf5 14. Bd2 O-O 15. h3 e4 16. dxe4 Nxe4 17. Bf4 Qf6 18. Qc2 Rfe8 19. Rae1 Nd4 20. Nxd4 Qxf4 21. Ne6 fxe6 22. Rxe4 Qf5 23. Rfe1 e5 24. R1e3 Rf8 25. Rf3 Qh5 26. Rg3 g5 27. Bb1 Qg6 28. Qe2 Rf4 29. Bd3 Qf6 30. Rge3 Rf8 31. f3 Rxe4 32. Bxe4 b6 33. Bb1 Qf4 34. Qd3 Qd4 35. Qh7+ Kf7 36. Qg6+ Kg8 37. Qh7+ Kf7 38. Qg6+ Kg8 39. Qh7+ Kf7 40. Qf5+ Bf6 41. Qd7+ Be7 42. Qe6+ Ke8 43. Bg6+ Kd8 44. Kf2 Qxb2+ 45. Re2 Qd4+ 46. Kf1 Qf4 47. Bh5 Qf6 48. Qg4 Qf5 49. Qxf5 Rxf5 50. Bg4 Rf8 51. a4 Rh8 52. Bh5 Bf6 53. Re4 Ke7 54. Ke1 Rb8 55. Kd2 a6 56. Re1 Bg7 57. Rb1 Kf6 58. Kd3 Kf5 59. Ke3 a5 60. Bg4+ Kf6 61. Ke4 Kg6 62. Bf5+ Kf7 63. Bg4 Kf6 64. Bh5 Rf8 65. Bg4 Ke7 66. g3 Rh8 67. Bh5 Kf6 68. Rh1 Bf8 69. h4 Be7 70. Bg4 h5 71. Be6 gxh4 72. Rxh4 Kg6 73. Rh3 Rf8 74. Rh1 h4 75. f4 hxg3 76. f5+ Kg5 77. Kf3 e4+ 78. Kxg3 Bf6 79. Rh7 Be5+ 80. Kf2 Bd4+ 81. Kg3 Rh8 82. Rxh8 Bxh8 83. Kf2 Kf4 84. Ke2 Bf6 85. Bd7 Ke5 86. Ke3 Bg5+ 87. Ke2 Kd4 88. Bb5 Ke5 89. Bd7 Kf4 90. Be6 Bf6 91. Bd7 Ke5 92. Ke3 Bg7 93. Ke2 Bh6 94. Kf2 Kd4 95. Bb5 Kd3 96. c5+ Kd2 97. cxd6 cxd6 98. f6 Bg5 99. f7 Bh6 100. Ba6 Kc3 101. Bb5 Kd4 102. Bc6 Ke5 103. Kg3 Kf5 104. Bd7+ Ke5 105. Bc6 Kd4 106. Kf2 Kc5 107. f8=Q Bxf8 108. Ke3 b5 109. Kxe4 bxa4 110. Bxa4 Kb4 111. Be8 a4 112. Kd3 a3 113. Kc2 Bg7 114. Kb1 Kb3 115. Bg6 a2+ 116. Kc1 a1=Q+ 117. Kd2 Qd4+ 118. Ke2 Kc3 119. Kf3 Qe5 120. Be4 Kd4 121. Bb1 Bh6 122. Kg4 Qg5+ 123. Kf3 Qf4+ 124. Kg2 Ke3 125. Bh7 Qg4+ 126. Kh1 Kf2 0-1

[Event "European Blitz-ch 2018"]
[Site "Skopje"]
[Date "2018.12.07"]
[Round "19"]
[White "Pershin, Denis"]
[Black "Bosiocic, Marin"]
[Result "0-1"]
[WhiteElo "2400"]
[BlackElo "2599"]
[Annotator "TA"]
[PlyCount "128"]
[EventDate "2018.12.06"]
[EventType "swiss"]
[EventCountry "MKD"]

1. d4 d6 2. e4 Nf6 3. Nc3 g6 4. f4 Bg7 5. Nf3 O-O 6. Bd3 Nc6 7. e5 Nd7 8. O-O Nb6 9. Ne2 Nb4 10. Ng3 Nxd3 11. Qxd3 Be6 12. b3 dxe5 13. fxe5 c5 14. dxc5 Nd7 15. Bb2 Qc7 16. Rae1 Nxc5 17. Qe3 Bd5 18. c4 Bxf3 19. Rxf3 Rad8 20. Bd4 b6 21. Ne4 Ne6 22. Bb2 Bxe5 23. Bxe5 Qxe5 24. Qh6 Qg7 25. Qh4 Rd7 26. Nc3 Nd4 27. Rh3 Nf5 28. Qf4 Rfd8 29. Nd5 e6 30. Ne3 Nxe3 31. Rhxe3 Qd4 32. Qh6 Qb2 33. R3e2 Qg7 34. Qf4 Qd4+ 35. Qxd4 Rxd4 36. Kf2 h5 37. Rc1 Rc8 38. Rec2 Kf8 39. b4 Ke7 40. Rc3 h4 41. Ke3 e5 42. Ra3 Rc7 43. c5 Rxb4 44. cxb6 Rxc1 45. bxa7 Rc8 46. a8=Q Rxa8 47. Rxa8 Ke6 48. a4 Rb3+ 49. Kf2 Ra3 50. a5 Kf5 51. a6 Kf4 52. g3+ hxg3+ 53. hxg3+ Kf5 54. a7 g5 55. Ke2 g4 56. Kf2 Ra2+ 57. Ke3 f6 58. Kd3 Ra3+ 59. Ke2 Ke4 60. Rg8 Ra2+ 61. Kf1 Rxa7 62. Kg2 Ra2+ 63. Kg1 Kf3 64. Rg6 Kxg3 0-1

[Event "European Blitz-ch 2018"]
[Site "Skopje"]
[Date "2018.12.07"]
[Round "19"]
[White "Saraci, Nderim"]
[Black "Erdos, Viktor"]
[Result "0-1"]
[WhiteElo "2382"]
[BlackElo "2605"]
[Annotator "TA"]
[PlyCount "52"]
[EventDate "2018.12.06"]
[EventType "swiss"]
[EventCountry "MKD"]

1. d4 Nf6 2. Nf3 g6 3. c4 Bg7 4. Nc3 d5 5. Bg5 Ne4 6. Bf4 Nxc3 7. bxc3 c5 8. e3 O-O 9. cxd5 cxd4 10. cxd4 Qxd5 11. Be2 Nc6 12. O-O Bf5 13. Qb3 Qxb3 14. axb3 Rfc8 15. h3 Nb4 16. Ra4 Nd5 17. Rc4 Nxf4 18. exf4 Be6 19. Rb4 Rc7 20. Bc4 a5 21. Rb6 Bxc4 22. bxc4 Rxc4 23. Rxb7 Bf6 24. Ra1 a4 25. Rb2 Rxd4 26. Nxd4 Bxd4 0-1

[Event "European Blitz-ch 2018"]
[Site "Skopje"]
[Date "2018.12.07"]
[Round "19"]
[White "Petkidis, Anthony"]
[Black "Demidov, Mikhail"]
[Result "0-1"]
[WhiteElo "2375"]
[BlackElo "2520"]
[Annotator "TA"]
[PlyCount "140"]
[EventDate "2018.12.06"]
[EventType "swiss"]
[EventCountry "MKD"]

1. e4 e6 2. d4 d5 3. Nd2 dxe4 4. Nxe4 Bd7 5. Nf3 Bc6 6. Bd3 Nd7 7. O-O Bxe4 8. Bxe4 c6 9. c3 Ngf6 10. Bc2 g6 11. Qe2 Bg7 12. Ne5 O-O 13. a4 a5 14. h3 Re8 15. Bf4 Nd5 16. Bh2 Nxe5 17. Bxe5 Bxe5 18. Qxe5 Qc7 19. Qxc7 Nxc7 20. Rfe1 Red8 21. Rad1 Rd6 22. Re5 b6 23. Kf1 Rad8 24. Ke2 Nd5 25. g3 Ne7 26. h4 h5 27. Re3 Kg7 28. Be4 Ng8 29. Red3 Nf6 30. Bf3 Kf8 31. b4 axb4 32. cxb4 Nd5 33. Rb3 Ra8 34. Ra1 Rd7 35. a5 Rda7 36. Bxd5 exd5 37. Rc3 bxa5 38. bxa5 Ra6 39. Rc5 Ke7 40. Ke3 Kd6 41. Kf4 f6 42. f3 Re8 43. Rac1 Re2 44. Ra1 Rd2 45. Ke3 Rb2 46. Ra3 g5 47. Ra1 Rb3+ 48. Kf2 Rd3 49. Ra4 Rxd4 50. Rxc6+ Kxc6 51. Rxd4 Rxa5 52. hxg5 fxg5 53. f4 Ra2+ 54. Ke3 Ra3+ 55. Kf2 g4 56. Rd1 Ra2+ 57. Ke3 Kd6 58. Rb1 Rg2 59. Rb6+ Kc5 60. Rh6 Rxg3+ 61. Kd2 Rh3 62. f5 g3 63. Rg6 h4 64. Ke3 d4+ 65. Ke4 d3 66. f6 Kd6 67. Ke3 g2+ 68. Kf2 Rg3 69. Rxg3 hxg3+ 70. Kxg2 d2 0-1

[Event "European Blitz-ch 2018"]
[Site "Skopje"]
[Date "2018.12.07"]
[Round "19"]
[White "Timmermans, Mark"]
[Black "Dvirnyy, Danyyil"]
[Result "1-0"]
[WhiteElo "2375"]
[BlackElo "2485"]
[Annotator "TA"]
[PlyCount "73"]
[EventDate "2018.12.06"]
[EventType "swiss"]
[EventCountry "MKD"]

1. b4 g6 2. Bb2 Nf6 3. c4 Bg7 4. a4 O-O 5. b5 d6 6. e3 e5 7. Nf3 b6 8. Be2 Bb7 9. O-O Nbd7 10. d4 exd4 11. Nxd4 Re8 12. Nd2 Nc5 13. Bf3 d5 14. Qc2 Qe7 15. Ba3 Qe5 16. cxd5 Nxd5 17. Bxc5 bxc5 18. Qxc5 Bf8 19. Qc1 Rad8 20. Nc4 Qg5 21. Na5 Bc8 22. Nac6 Rd6 23. Nxa7 Bd7 24. Nac6 Rf6 25. Re1 Bd6 26. g3 Bxc6 27. Qxc6 Re5 28. h4 Qh6 29. Bxd5 g5 30. Nf3 gxh4 31. Nxe5 hxg3 32. fxg3 Qg5 33. Ra2 Bxe5 34. Qe8+ Kg7 35. Rg2 Rg6 36. Qxf7+ Kh6 37. Rh2+ 1-0

[Event "European Blitz-ch 2018"]
[Site "Skopje"]
[Date "2018.12.07"]
[Round "19"]
[White "Djuric, Stefan"]
[Black "Brkic, Ante"]
[Result "0-1"]
[WhiteElo "2371"]
[BlackElo "2563"]
[Annotator "TA"]
[PlyCount "74"]
[EventDate "2018.12.06"]
[EventType "swiss"]
[EventCountry "MKD"]

1. d4 d5 2. Nf3 Nf6 3. e3 c5 4. c4 cxd4 5. exd4 Nc6 6. cxd5 Nxd5 7. Be2 g6 8. Nc3 Bg7 9. O-O O-O 10. Bg5 h6 11. Be3 Bf5 12. Qd2 Kh7 13. Rad1 Qd7 14. Nh4 Be6 15. Ne4 b6 16. Nc3 Rad8 17. Bb5 Qb7 18. Qe2 Nc7 19. Bxc6 Qxc6 20. f4 Bc4 21. Qf3 Qxf3 22. Rxf3 Nd5 23. Bf2 Nf6 24. h3 e6 25. Re3 Nd5 26. Rf3 Ne7 27. g4 Nd5 28. f5 exf5 29. gxf5 Nxc3 30. Rxc3 Bd5 31. Rc7 g5 32. Ng2 Rfe8 33. Ne3 Bf3 34. Rd2 Rxd4 35. Rxd4 Bxd4 36. Rxf7+ Kg8 37. Rxa7 Bxe3 0-1

[Event "European Blitz-ch 2018"]
[Site "Skopje"]
[Date "2018.12.07"]
[Round "19"]
[White "Ozen, Bahadir"]
[Black "Putka, Verners"]
[Result "1/2-1/2"]
[WhiteElo "2349"]
[BlackElo "2307"]
[PlyCount "89"]
[EventDate "2018.12.06"]
[EventType "swiss"]
[EventCountry "MKD"]

1. d4 Nf6 2. c4 c5 3. e3 cxd4 4. exd4 g6 5. Nc3 Bg7 6. Nf3 O-O 7. Be2 d5 8. cxd5 Nxd5 9. O-O Nc6 10. h3 Bf5 11. a3 Rc8 12. Re1 Nxc3 13. bxc3 Na5 14. Bd2 a6 15. a4 Qd5 16. Bf1 Rc7 17. Ne5 Nc6 18. Nd3 Rfc8 19. Bf4 e5 20. dxe5 Nd8 21. Nb4 Qxd1 22. Raxd1 Be6 23. Bg5 Nc6 24. Bf6 Bb3 25. Rb1 Nxb4 26. Rxb3 Nd5 27. Bxg7 Kxg7 28. c4 Ne7 29. Reb1 Nc6 30. Rxb7 Nxe5 31. R7b6 Ra7 32. c5 Rxc5 33. Rxa6 Rd7 34. Rab6 Rc2 35. R6b2 Rc3 36. Ra1 Ra7 37. a5 Nd7 38. a6 Nc5 39. Rb6 Ne4 40. Rb7 Rxb7 41. axb7 Rb3 42. Ba6 Nc5 43. g3 Nxa6 44. Rxa6 Rxb7 45. h4 1/2-1/2

[Event "European Blitz-ch 2018"]
[Site "Skopje"]
[Date "2018.12.07"]
[Round "20"]
[White "Navara, David"]
[Black "Sanal, Vahap"]
[Result "1/2-1/2"]
[WhiteElo "2736"]
[BlackElo "2490"]
[Annotator "TA"]
[PlyCount "111"]
[EventDate "2018.12.06"]
[EventType "swiss"]
[EventCountry "MKD"]

1. e4 e5 2. Nf3 Nc6 3. Bb5 a6 4. Ba4 Nf6 5. O-O Nxe4 6. d4 b5 7. Bb3 d5 8. dxe5 Be6 9. Nbd2 Be7 10. c3 O-O 11. Qe2 Nc5 12. Bc2 d4 13. cxd4 Nxd4 14. Nxd4 Qxd4 15. Nf3 Qc4 16. Qxc4 Bxc4 17. Rd1 h6 18. Nd4 Rfd8 19. Be3 Bd5 20. Rac1 Bf8 21. Bb1 Ne6 22. Ne2 b4 23. f4 c6 24. f5 Ng5 25. h4 Ne4 26. Nf4 Be7 27. Rd4 Nc5 28. Nxd5 cxd5 29. f6 Bf8 30. fxg7 Be7 31. Bf5 h5 32. g4 Ne6 33. Bxe6 fxe6 34. Rc7 Re8 35. gxh5 Rac8 36. Rxc8 Rxc8 37. h6 Bc5 38. Rd3 Bxe3+ 39. Rxe3 Kh7 40. Rf3 Kxh6 41. Rf6+ Kxg7 42. Rxe6 a5 43. Ra6 Rc2 44. Rxa5 d4 45. e6 d3 46. Rd5 Kf6 47. Rxd3 Rxb2 48. Re3 Ke7 49. h5 Rxa2 50. h6 Ra8 51. Kf2 Rb8 52. Kg3 b3 53. h7 b2 54. Re1 Rh8 55. Rb1 Rxh7 56. Rxb2 1/2-1/2

[Event "European Blitz-ch 2018"]
[Site "Skopje"]
[Date "2018.12.07"]
[Round "20"]
[White "Cheparinov, Ivan"]
[Black "Salgado Lopez, Ivan"]
[Result "1-0"]
[WhiteElo "2709"]
[BlackElo "2629"]
[PlyCount "49"]
[EventDate "2018.12.06"]
[EventType "swiss"]
[EventCountry "MKD"]

1. d4 Nf6 2. Nf3 g6 3. g3 d5 4. Bg2 Bg7 5. O-O O-O 6. c4 Nc6 7. Nbd2 a5 8. b3 a4 9. bxa4 dxc4 10. Nxc4 Be6 11. Nce5 Nxe5 12. Nxe5 c6 13. Rb1 Ra7 14. Ba3 Bxa2 15. Rb2 Bd5 16. Bc5 Bxg2 17. Kxg2 Ra6 18. Rxb7 Nd5 19. e4 Nc3 20. Qc2 Qa8 21. Rxe7 Nxa4 22. Bd6 Rd8 23. Qc4 Rf8 24. Rxf7 Nb2 25. Rxf8# 1-0

[Event "European Blitz-ch 2018"]
[Site "Skopje"]
[Date "2018.12.07"]
[Round "20"]
[White "Demchenko, Anton"]
[Black "Stojanovski, Dejan"]
[Result "0-1"]
[WhiteElo "2679"]
[BlackElo "2430"]
[Annotator "TA"]
[PlyCount "116"]
[EventDate "2018.12.06"]
[EventType "swiss"]
[EventCountry "MKD"]

1. e4 c5 2. Nf3 Nc6 3. Bb5 g6 4. Bxc6 dxc6 5. d3 Bg7 6. Nc3 Bg4 7. h3 Bxf3 8. Qxf3 Nf6 9. Be3 Nd7 10. O-O e5 11. a3 Qe7 12. Rab1 a5 13. Qd1 Nf8 14. Na4 Ne6 15. Qd2 b5 16. Nc3 O-O 17. Ne2 a4 18. f4 exf4 19. Nxf4 Nd4 20. c3 Nb3 21. Qf2 Rad8 22. Rbd1 c4 23. dxc4 Qxe4 24. cxb5 cxb5 25. Rde1 Qc4 26. h4 h5 27. Nh3 Rd7 28. Ng5 f6 29. Nh3 Qg4 30. Nf4 Kh7 31. Re2 Re8 32. Rfe1 Rde7 33. Nd5 Rf7 34. Bf4 Rxe2 35. Rxe2 g5 36. Bg3 Nc1 37. Rd2 Nb3 38. Re2 Nc1 39. Rd2 Nb3 40. Ne3 Qe4 41. Re2 f5 42. Nc2 Qg4 43. Ne3 Qe4 44. Nc2 Qg4 45. hxg5 f4 46. Bh2 f3 47. Re1 Nc5 48. Ne3 Qxg5 49. Qc2+ Kh8 50. Kh1 f2 51. Rf1 Qxe3 52. Qg6 Qe1 53. Qxh5+ Kg8 54. Rxe1 fxe1=Q+ 55. Bg1 Qe5 56. Qh3 Rf5 57. g4 Qe4+ 58. Kh2 Be5+ 0-1

[Event "European Blitz-ch 2018"]
[Site "Skopje"]
[Date "2018.12.07"]
[Round "20"]
[White "Lagarde, Maxime"]
[Black "Mamedov, Rauf"]
[Result "0-1"]
[WhiteElo "2616"]
[BlackElo "2703"]
[Annotator "TA"]
[PlyCount "92"]
[EventDate "2018.12.06"]
[EventType "swiss"]
[EventCountry "MKD"]

1. e4 c5 2. Nf3 Nc6 3. d4 cxd4 4. Nxd4 Nf6 5. Nc3 e5 6. Ndb5 d6 7. Nd5 Nxd5 8. exd5 Nb8 9. c4 a6 10. Nc3 Nd7 11. Be2 Be7 12. b4 a5 13. bxa5 O-O 14. a4 f5 15. O-O Rxa5 16. Nb5 Nc5 17. Bd2 Ra8 18. a5 Bd7 19. Bb4 b6 20. Bxc5 bxc5 21. a6 e4 22. Ra3 f4 23. Bg4 f3 24. gxf3 Bxg4 25. fxg4 Bf6 26. Qe2 Be5 27. Qxe4 Rf4 28. Qe2 h5 29. Rg3 Rxa6 30. gxh5 Rh4 31. Rg2 Ra4 32. f4 Bxf4 33. Qe6+ Kh8 34. Qf7 Be5 35. Nc7 Ra7 36. Qf8+ Qxf8 37. Rxf8+ Kh7 38. Ne6 Ra1+ 39. Rf1 Bxh2+ 40. Kf2 Ra2+ 41. Kf3 Ra3+ 42. Kf2 Be5 43. Ng5+ Kg8 44. Rb1 Ra2+ 45. Kf3 Rf4+ 46. Ke3 Rxg2 0-1

[Event "European Blitz-ch 2018"]
[Site "Skopje"]
[Date "2018.12.07"]
[Round "20"]
[White "Van Foreest, Jorden"]
[Black "Guseinov, Gadir"]
[Result "0-1"]
[WhiteElo "2614"]
[BlackElo "2664"]
[Annotator "TA"]
[PlyCount "80"]
[EventDate "2018.12.06"]
[EventType "swiss"]
[EventCountry "MKD"]

1. e4 c5 2. Nf3 g6 3. g3 Bg7 4. Bg2 Nc6 5. O-O d6 6. Nc3 Nf6 7. d4 cxd4 8. Nxd4 Bd7 9. Nde2 O-O 10. h3 a6 11. Be3 Rc8 12. Nd5 Nxd5 13. exd5 Na5 14. Bd4 Bxd4 15. Nxd4 Qb6 16. b3 Qc5 17. Re1 Rfe8 18. Qd2 Qc3 19. Rad1 Qxd2 20. Rxd2 b5 21. Nc6 Nxc6 22. dxc6 Bxc6 23. Bf1 Kf8 24. f4 Rc7 25. Kf2 h5 26. Bd3 Bd7 27. Rh1 Rec8 28. Ke3 Kg7 29. Re2 Bf5 30. Bxf5 gxf5 31. Rhh2 Rc3+ 32. Kd4 Kf6 33. Rhg2 b4 34. Rd2 R8c5 35. Rd3 Rxc2 36. Rxc2 Rxc2 37. h4 Rxa2 38. Kc4 a5 39. Re3 Rc2+ 40. Kd4 Rc3 0-1